[Event "Turkish League 2012"]
[Site "Konya"]
[Date "2012.07.12"]
[Round "1"]
[White "Malakov, Vladimir"]
[Black "Nielsen, Peter Heine"]
[Result "1/2-1/2"]
[WhiteElo "2712"]
[BlackElo "2665"]
[PlyCount "52"]
[EventDate "2012.??.??"]

1. c4 c5 2. Nf3 Nf6 3. Nc3 d5 4. cxd5 Nxd5 5. g3 g6 6. Bg2 Nc6 7. O-O Bg7 8.
Nxd5 Qxd5 9. d3 O-O 10. Be3 Bd7 11. Nd4 Qd6 12. Nxc6 Bxc6 13. Bxc6 Qxc6 14. Rc1
Qe6 15. Rxc5 Qxa2 16. Rb5 Qa6 17. Qb3 b6 18. Rb4 Rfb8 19. Rc1 Rc8 20. Rxc8+
Rxc8 21. Qd5 Rb8 22. Bf4 Qb7 23. Rb5 e6 24. Qb3 Rc8 25. Ra5 Rb8 26. Rb5 Rc8
1/2-1/2

[Event "Turkish League 2012"]
[Site "Konya"]
[Date "2012.07.13"]
[Round "2"]
[White "Malakhov, Vladimir"]
[Black "Esen, Baris"]
[Result "1/2-1/2"]
[WhiteElo "2712"]
[BlackElo "2575"]
[PlyCount "116"]
[EventDate "2012.??.??"]

1. Nf3 d5 2. c4 c6 3. e3 Nf6 4. d4 Bf5 5. Nc3 e6 6. Nh4 Be4 7. f3 Bg6 8. Qb3
Qc7 9. Bd2 Be7 10. Nxg6 hxg6 11. g3 a6 12. Rc1 dxc4 13. Bxc4 Nbd7 14. a4 O-O
15. O-O e5 16. Ne2 exd4 17. exd4 Qb6 18. Nf4 Qxb3 19. Bxb3 Kh7 20. Rfe1 Bd6 21.
a5 Rad8 22. Ba2 Ne8 23. Nd3 Nc7 24. Bg5 Nf6 25. Kg2 Rd7 26. Nc5 Bxc5 27. dxc5
Nfd5 28. Rc4 Ne6 29. Bc1 Rfd8 30. Bb1 Ne7 31. Kf2 Kg8 32. b4 Kf8 33. Bb2 Rd2+
34. Re2 Nf5 35. Be5 f6 36. Bc3 Rxe2+ 37. Kxe2 Ned4+ 38. Kf2 Nb5 39. Bxf5 gxf5
40. Ke2 Kf7 41. Bb2 Nc7 42. h4 Rh8 43. Bc1 Nd5 44. Bd2 Rh5 45. Kf2 Rh8 46. Rd4
Rh5 47. Kg2 Rh8 48. Kf2 Ke6 49. Kg2 Ke5 50. Rc4 Ke6 51. Rd4 Ke7 52. Kf2 Nc7 53.
Bf4 Nd5 54. Bd2 Nc7 55. Bf4 Ne6 56. Bd6+ Kf7 57. Rc4 g5 58. Kg2 Kg6 1/2-1/2

[Event "Turkish League 2012"]
[Site "Konya"]
[Date "2012.07.13"]
[Round "2"]
[White "Chadaev, Nikolai"]
[Black "Adams, Michael"]
[Result "1/2-1/2"]
[WhiteElo "2580"]
[BlackElo "2723"]
[PlyCount "78"]
[EventDate "2012.??.??"]

1. e4 e5 2. Nf3 Nc6 3. Nc3 Nf6 4. d4 exd4 5. Nxd4 Bb4 6. Nxc6 bxc6 7. Bd3 d5 8.
exd5 O-O 9. O-O cxd5 10. h3 c6 11. Qf3 Bd6 12. Bf4 Rb8 13. b3 Rb7 14. Ne2 Re8
15. Rad1 Bxf4 16. Qxf4 c5 17. Ng3 Rbe7 18. c3 Qb6 19. Qd2 Ba6 20. Bxa6 Qxa6 21.
b4 cxb4 22. cxb4 g6 23. Rc1 h5 24. Qf4 Ne4 25. Nxe4 Rxe4 26. Qd2 d4 27. Rcd1
Qa3 28. b5 R8e5 29. Rb1 Re8 30. Rbd1 R8e5 31. Rb1 Qc3 32. Qxc3 dxc3 33. Rfc1
Re2 34. Rxc3 Rxa2 35. Rcb3 Ree2 36. Rf3 h4 37. Rf4 Reb2 38. Rxb2 Rxb2 39. Ra4
Rxb5 1/2-1/2

[Event "Turkish League 2012"]
[Site "Konya"]
[Date "2012.07.12"]
[Round "2"]
[White "Tiviakov, Sergei"]
[Black "Bologan, Viktor"]
[Result "1/2-1/2"]
[WhiteElo "2675"]
[BlackElo "2732"]
[PlyCount "81"]
[EventDate "2012.??.??"]

1. e4 c5 2. c3 Nf6 3. e5 Nd5 4. Nf3 Nc6 5. Bc4 Nb6 6. Bb3 d5 7. exd6 c4 8. Bc2
e5 9. O-O Be6 10. d4 cxd3 11. Bxd3 h6 12. Qe2 Bxd6 13. Nbd2 O-O 14. Ne4 f5 15.
Nxd6 Qxd6 16. Rd1 Bd5 17. Bc2 Qf6 18. Be3 Bc4 19. Qe1 e4 20. Nd2 Bf7 21. Bxb6
axb6 22. f3 Rae8 23. fxe4 Bh5 24. Rdc1 Qg5 25. h4 Qe7 26. Kh1 Qc7 27. Bd1 Bxd1
28. Rxd1 fxe4 29. Qe3 Qf4 30. Qxf4 Rxf4 31. Re1 Rxh4+ 32. Kg1 Re5 33. Rad1 Rg4
34. Re2 b5 35. Rde1 b4 36. Nxe4 Ra5 37. b3 bxc3 38. Nxc3 Nb4 39. Re4 Nxa2 40.
Nxa2 Rxa2 41. Re7 1/2-1/2

[Event "Dortmund Sparkassen"]
[Site "?"]
[Date "2012.07.13"]
[Round "1"]
[White "Caruana, Fabiano"]
[Black "Naiditsch, Arkadij"]
[Result "1/2-1/2"]
[WhiteElo "2775"]
[BlackElo "2700"]
[PlyCount "119"]
[EventDate "2012.??.??"]

1. e4 e5 2. Nf3 Nc6 3. d4 exd4 4. Nxd4 Bc5 5. Nb3 Bb6 6. Nc3 Nf6 7. Qe2 O-O 8.
Be3 Re8 9. f3 d5 10. O-O-O Be6 11. Qf2 Ne5 12. h3 Ng6 13. Bxb6 axb6 14. f4 Bd7
15. f5 Ne5 16. exd5 b5 17. a3 Nc4 18. Bxc4 bxc4 19. Nd2 b5 20. g4 b4 21. axb4
Ra1+ 22. Ndb1 Ne4 23. Nxe4 Rxe4 24. f6 Qa8 25. Qf3 Qe8 26. Qc3 Qa8 27. Qf3 Qe8
28. Rhf1 g5 29. Qg3 Re3 30. Rf3 Re2 31. Rf2 Ba4 32. Qf3 Rxb1+ 33. Kxb1 Bxc2+
34. Kc1 Bxd1 35. Kxd1 Re3 36. Qf5 h6 37. b5 Re5 38. Qf3 Qxb5 39. Re2 Qxd5+ 40.
Qxd5 Rxd5+ 41. Kc2 Rd6 42. Re8+ Kh7 43. Re7 Rxf6 44. Rxc7 Rf4 45. Kc3 Kg6 46.
Rxc4 Rf3+ 47. Kc2 Rxh3 48. b4 h5 49. gxh5+ Rxh5 50. b5 Rh8 51. b6 Rb8 52. Rb4
Kf6 53. Kd3 Ke6 54. b7 Kd6 55. Ke4 Kc6 56. Kf5 Rxb7 57. Rxb7 Kxb7 58. Kxg5 Kc6
59. Kf6 Kd5 60. Kxf7 1/2-1/2

[Event "Dortmund Sparkassen"]
[Site "?"]
[Date "2012.07.13"]
[Round "1"]
[White "Fridman, Daniel"]
[Black "Gustafsson, Jan"]
[Result "1/2-1/2"]
[WhiteElo "2655"]
[BlackElo "2629"]
[PlyCount "69"]
[EventDate "2012.??.??"]

1. Nf3 d5 2. d4 Nf6 3. c4 c6 4. Qb3 dxc4 5. Qxc4 Bg4 6. Nbd2 Nbd7 7. g3 e6 8.
Bg2 Be7 9. O-O O-O 10. Ne5 Bh5 11. Nxd7 Nxd7 12. Nb3 a5 13. e4 a4 14. Nc5 Nxc5
15. dxc5 e5 16. Be3 Bg4 17. b4 axb3 18. axb3 Qc7 19. b4 Rfd8 20. Qc3 h6 21. h3
Be2 22. Rfe1 Rxa1 23. Qxa1 Bc4 24. h4 Be6 25. Bf3 Bf6 26. Be2 Qc8 27. Qa7 Kh7
28. Rb1 Rd7 29. Ra1 Rd8 30. Kh2 Kg8 31. Qb6 Rd7 32. Qa5 Rd8 33. Qb6 Rd7 34. Qa7
Rd8 35. Qb6 1/2-1/2

[Event "Dortmund Sparkassen"]
[Site "?"]
[Date "2012.07.13"]
[Round "1"]
[White "Karjakin, Sergey"]
[Black "Kramnik, Vladimir"]
[Result "1/2-1/2"]
[WhiteElo "2779"]
[BlackElo "2799"]
[PlyCount "64"]
[EventDate "2012.??.??"]

1. e4 e5 2. Nf3 Nc6 3. d4 exd4 4. Nxd4 Nf6 5. Nxc6 bxc6 6. e5 Qe7 7. Qe2 Nd5 8.
c4 Nb6 9. Nc3 Ba6 10. b3 O-O-O 11. Bb2 Re8 12. f4 f6 13. O-O-O fxe5 14. fxe5
Qxe5 15. Qxe5 Rxe5 16. Bd3 Re8 17. Rhf1 d5 18. cxd5 Bxd3 19. Rxd3 Nxd5 20. Nxd5
cxd5 21. Rxd5 Bd6 22. Bxg7 Rhg8 23. Rf7 Re2 24. Rd2 Rxg7 25. Rxg7 Bf4 26. Rgd7
Rxg2 27. Kc2 Bxd2 28. Rxd2 Rg4 29. Rd3 Rg2+ 30. Rd2 Rg4 31. Rd3 Rg2+ 32. Rd2
Rg4 1/2-1/2

[Event "Dortmund Sparkassen"]
[Site "?"]
[Date "2012.07.13"]
[Round "1"]
[White "Leko, Peter"]
[Black "Ponomariov, Ruslan"]
[Result "1/2-1/2"]
[WhiteElo "2730"]
[BlackElo "2726"]
[PlyCount "75"]
[EventDate "2012.??.??"]

1. d4 d5 2. c4 dxc4 3. Nf3 Nf6 4. e3 e6 5. Bxc4 a6 6. O-O c5 7. dxc5 Bxc5 8.
Qxd8+ Kxd8 9. Ne5 Ke7 10. Be2 Nbd7 11. Nc4 Ra7 12. Nbd2 b5 13. Na5 Rc7 14. a4
bxa4 15. Ndc4 Nb8 16. Rxa4 Bd7 17. Ra1 Bb5 18. b3 Ne4 19. Bb2 f6 20. Bf3 Ng5
21. Be2 Rd8 22. Rfc1 Bb4 23. Bf1 Nd7 24. Ba3 Bc5 25. Bxc5+ Nxc5 26. Na3 Bxf1
27. Kxf1 Rdc8 28. f3 Nf7 29. Rc3 Nd7 30. Rxc7 Rxc7 31. N3c4 Nfe5 32. Ke2 Nxc4
33. Nxc4 Nc5 34. Na5 Nb7 35. Nxb7 Rxb7 36. Rxa6 Rxb3 37. Ra7+ Kf8 38. Kf2
1/2-1/2

[Event "Dortmund Sparkassen"]
[Site "?"]
[Date "2012.07.13"]
[Round "1"]
[White "Meier, Georg"]
[Black "Bartel, Mateusz"]
[Result "1-0"]
[WhiteElo "2644"]
[BlackElo "2674"]
[PlyCount "77"]
[EventDate "2012.??.??"]

1. d4 Nf6 2. c4 e6 3. g3 d5 4. Nf3 dxc4 5. Bg2 c5 6. O-O Nc6 7. dxc5 Qxd1 8.
Rxd1 Bxc5 9. Nbd2 c3 10. bxc3 Bd7 11. Rb1 O-O-O 12. Ne1 e5 13. Nd3 Bf5 14. Rb5
Bb6 15. Nc4 Bc7 16. Bg5 a6 17. Rb2 h6 18. Bxf6 gxf6 19. Ne3 Bg6 20. Rdb1 Na5
21. Bxb7+ Nxb7 22. Rxb7 Bxd3 23. exd3 Rxd3 24. Ra7 Rhd8 25. Rxa6 R8d6 26. Rxd6
Rxd6 27. Nf5 Rd2 28. Nxh6 Rxa2 29. h4 Bd6 30. h5 Kd7 31. Rb7+ Ke6 32. Rb6 Ra4
33. Nxf7 Kxf7 34. Rxd6 Rc4 35. Rd7+ Ke6 36. Rg7 Rxc3 37. h6 Rc8 38. h7 Rh8 39.
g4 1-0

[Event "Turkish League 2012"]
[Site "?"]
[Date "2012.07.13"]
[Round "3"]
[White "Adams, Michael"]
[Black "Gagunashvili, Merab"]
[Result "1/2-1/2"]
[WhiteElo "2723"]
[BlackElo "2578"]
[PlyCount "79"]
[EventDate "2012.??.??"]

1. e4 c5 2. Nf3 e6 3. d4 cxd4 4. Nxd4 Nc6 5. Nc3 Qc7 6. Be2 a6 7. O-O Nf6 8.
Be3 Be7 9. f4 d6 10. Qe1 O-O 11. Qg3 Nxd4 12. Bxd4 b5 13. a3 Bb7 14. Rae1 Rae8
15. Bf3 Rd8 16. Kh1 g6 17. f5 e5 18. Be3 Kh8 19. fxg6 fxg6 20. Bh6 Rf7 21. h3
Bf8 22. Bg5 Bg7 23. Rf2 Rdf8 24. Rd2 Ne8 25. Kh2 Bf6 26. Bh6 Bg7 27. Bg5 Bf6
28. Bh6 Bg7 29. Be3 Bf6 30. Red1 Qe7 31. Qe1 Bg5 32. Bxg5 Qxg5 33. Rd3 Bc6 34.
Qg3 Qxg3+ 35. Kxg3 Kg7 36. Kf2 Rc7 37. Ke3 Kf7 38. R1d2 Ke7 39. Be2 Rd7 40. Bg4
1/2-1/2

[Event "Turkish League 2012"]
[Site "?"]
[Date "2012.07.13"]
[Round "3"]
[White "Bolagan, Viktor"]
[Black "Tregubov, Pavel"]
[Result "1/2-1/2"]
[WhiteElo "2732"]
[BlackElo "2595"]
[PlyCount "170"]
[EventDate "2012.??.??"]

1. e4 c5 2. Nf3 e6 3. d3 Nc6 4. g3 Nge7 5. c3 d5 6. Qe2 d4 7. cxd4 cxd4 8. Bg2
Ng6 9. Bf1 Nge7 10. Bg2 Ng6 11. O-O e5 12. a3 Be7 13. b4 O-O 14. Bd2 a6 15. Rc1
Re8 16. Be1 Bd7 17. Nbd2 Qb8 18. h4 Nf8 19. Rc2 Bg4 20. Qf1 Nd7 21. Nc4 b5 22.
Ncd2 Qd6 23. Rac1 Rec8 24. Nh2 Be6 25. f4 f6 26. Bh3 Na7 27. Ndf3 Rxc2 28. Rxc2
Rc8 29. Rxc8+ Nxc8 30. Bd2 Ncb6 31. Bxe6+ Qxe6 32. Qb1 Kf8 33. Qc2 Ke8 34. Kg2
h6 35. h5 f5 36. exf5 Qxf5 37. g4 Qe6 38. fxe5 Nxe5 39. Nxe5 Qxe5 40. Qc6+ Nd7
41. Nf1 Qe2+ 42. Kg1 Qxg4+ 43. Qg2 Qxg2+ 44. Kxg2 Ne5 45. Ng3 Nxd3 46. Kf3 Ne5+
47. Ke4 Nc4 48. Bc1 Bg5 49. Bxg5 hxg5 50. Nf5 Kf7 51. Nxd4 Nxa3 52. Kf5 g4 53.
Kxg4 Kf6 54. Kf4 Nc4 55. Nc6 Nb6 56. Ke4 Nd7 57. Kf4 Nf8 58. Nd4 Nd7 59. Nc6
Nb6 60. Ke4 Kg5 61. Nb8 Kxh5 62. Nxa6 Nd7 63. Kf4 Nb6 64. Ke4 Kg5 65. Nb8 Kh5
66. Na6 Nc4 67. Nc7 Na3 68. Kf4 Kh4 69. Ne6 g6 70. Kf3 g5 71. Kg2 Nc2 72. Nc7
Nd4 73. Nd5 g4 74. Nc3 g3 75. Ne4 Ne2 76. Kf3 Nd4+ 77. Kg2 Nf5 78. Nc3 Nd6 79.
Ne2 Nf5 80. Nc3 Ne3+ 81. Kg1 Kh3 82. Nxb5 Nc2 83. Kh1 Nxb4 84. Nd4 Nd3 85. Ne2
g2+ 1/2-1/2

[Event "Turkish League 2012"]
[Site "?"]
[Date "2012.07.13"]
[Round "3"]
[White "Kose, Serkan"]
[Black "Malakhov, Vladimir"]
[Result "0-1"]
[WhiteElo "2117"]
[BlackElo "2712"]
[PlyCount "62"]
[EventDate "2012.??.??"]

1. a3 g6 2. Nf3 Bg7 3. d4 Nf6 4. g3 O-O 5. Bg2 d6 6. O-O Nbd7 7. Nc3 c5 8. e3
Rb8 9. b4 cxd4 10. Nxd4 Nb6 11. Qd3 Bd7 12. Bb2 Qc8 13. Rad1 Nc4 14. Ba1 Bg4
15. f3 Bd7 16. f4 a6 17. Nd5 Nxd5 18. Bxd5 Nb6 19. Ba2 e5 20. f5 d5 21. fxg6
hxg6 22. Rf2 exd4 23. Bxd4 Bb5 24. Qd2 Nc4 25. Qc3 Ne5 26. Qa1 Qe6 27. e4 Bc4
28. exd5 Bxd5 29. c4 Nf3+ 30. Kg2 Bxd4 31. cxd5 Nh4+ 0-1

[Event "Turkish League 2012"]
[Site "?"]
[Date "2012.07.13"]
[Round "3"]
[White "Mchedlishvili, Mikheil"]
[Black "Polgar, Judit"]
[Result "1-0"]
[WhiteElo "2656"]
[BlackElo "2709"]
[PlyCount "127"]
[EventDate "2012.??.??"]

1. d4 Nf6 2. c4 e6 3. Nf3 b6 4. e3 Bb7 5. Bd3 c5 6. O-O d5 7. cxd5 exd5 8. Nc3
Nbd7 9. b3 Bd6 10. Bb2 O-O 11. Rc1 Rc8 12. Ne2 Re8 13. Ng3 Ne4 14. dxc5 Bxg3
15. hxg3 bxc5 16. Nd2 Ndf6 17. Nxe4 Nxe4 18. Qg4 g6 19. f3 Nd6 20. Rxc5 Ne4 21.
Rxc8 Bxc8 22. Qf4 g5 23. Qb8 Nc5 24. Bb1 Qe7 25. Bd4 Ne6 26. Qxa7 Bb7 27. Bc3
d4 28. Bd2 g4 29. Qa5 gxf3 30. gxf3 Qd6 31. Rf2 Ng7 32. e4 f5 33. Bf4 Qd7 34.
exf5 d3 35. f6 Qd4 36. Bxd3 Qxd3 37. Qg5 Re1+ 38. Kh2 Qg6 39. Qxg6 hxg6 40.
fxg7 Kxg7 41. g4 Kf6 42. Kg2 Ke6 43. Rd2 Bd5 44. Kf2 Ra1 45. Re2+ Kd7 46. Be5
Rd1 47. Ke3 Rf1 48. Rf2 Re1+ 49. Kd4 Rd1+ 50. Kc3 Rc1+ 51. Kd4 Rd1+ 52. Kc5 Be6
53. Bc3 Rc1 54. Kb4 Rg1 55. Kc5 Rc1 56. Kd4 Ke7 57. Bd2 Ra1 58. Ke5 Kf7 59. Bb4
Rd1 60. Rc2 Rd5+ 61. Ke4 Rd7 62. Rd2 Rc7 63. Ke5 Rb7 64. Bc5 1-0

[Event "Turkish League 2012"]
[Site "?"]
[Date "2012.07.14"]
[Round "4"]
[White "Adams, Michael"]
[Black "Malakhov, Vladimir"]
[Result "1/2-1/2"]
[WhiteElo "2723"]
[BlackElo "2712"]
[PlyCount "38"]
[EventDate "2012.??.??"]

1. e4 e5 2. Nf3 Nc6 3. Bb5 Nf6 4. Qe2 Bd6 5. d3 O-O 6. Bg5 Re8 7. O-O h6 8. Bh4
a6 9. Bc4 Na5 10. Nc3 b5 11. Bb3 Nxb3 12. axb3 Bb7 13. Nd1 Be7 14. Ne3 d6 15.
Nf5 Bf8 16. c4 g6 17. Ne3 Bg7 18. h3 Qd7 19. Bxf6 Bxf6 1/2-1/2

[Event "Dortmund Sparkassen"]
[Site "?"]
[Date "2012.07.14"]
[Round "2"]
[White "Bartel, Mateusz"]
[Black "Karjakin, Sergey"]
[Result "0-1"]
[WhiteElo "2674"]
[BlackElo "2779"]
[PlyCount "68"]
[EventDate "2012.??.??"]

1. Nf3 Nf6 2. c4 b6 3. Nc3 Bb7 4. d4 e6 5. a3 d5 6. cxd5 Nxd5 7. Qa4+ Nd7 8.
Nxd5 Bxd5 9. Qc2 Bb7 10. e4 Be7 11. Bf4 Rc8 12. Rd1 O-O 13. Bd3 c5 14. d5 c4
15. Be2 exd5 16. exd5 Nc5 17. d6 Bf6 18. Qxc4 Ne6 19. Qb4 Rc2 20. Be3 Rxb2 21.
Qc4 Qd7 22. Bd3 Rc8 23. Qg4 Rc6 24. Bf4 Bc3+ 25. Kf1 Rc5 26. Ng5 h5 27. Qxh5
Nxg5 28. Bxg5 g6 29. Bxg6 fxg6 30. Qxg6+ Bg7 31. Be3 Rd5 32. Ke1 Qxd6 33. Qxd6
Bc3+ 34. Kf1 Rxd6 0-1

[Event "Dortmund Sparkassen"]
[Site "?"]
[Date "2012.07.14"]
[Round "2"]
[White "Fridman, Daniel"]
[Black "Leko, Peter"]
[Result "1/2-1/2"]
[WhiteElo "2655"]
[BlackElo "2730"]
[PlyCount "54"]
[EventDate "2012.??.??"]

1. d4 Nf6 2. Nf3 e6 3. g3 d5 4. Bg2 Be7 5. c4 O-O 6. O-O dxc4 7. Qa4 a6 8. Qxc4
b5 9. Qc2 Bb7 10. Bd2 Bd6 11. Bg5 Nbd7 12. Nbd2 Rc8 13. Bxf6 Nxf6 14. Nb3 c5
15. Nxc5 Be4 16. Qc3 e5 17. Qe1 Bxc5 18. dxc5 Rxc5 19. Rc1 Rxc1 20. Qxc1 Qd5
21. a3 Rd8 22. Qc3 Bxf3 23. exf3 Qd2 24. Qc7 Re8 25. Qc1 Rd8 26. Qc7 Re8 27.
Qc1 Rd8 1/2-1/2

[Event "Dortmund Sparkassen"]
[Site "?"]
[Date "2012.07.14"]
[Round "2"]
[White "Gustafsson, Jan"]
[Black "Kramnik, Vladimir"]
[Result "0-1"]
[WhiteElo "2629"]
[BlackElo "2799"]
[PlyCount "54"]
[EventDate "2012.??.??"]

1. d4 Nf6 2. c4 g6 3. Nc3 Bg7 4. e4 d6 5. Nf3 O-O 6. Be2 e5 7. Be3 c6 8. O-O
exd4 9. Nxd4 Re8 10. f3 d5 11. cxd5 Nxd5 12. Nxd5 cxd5 13. Rc1 a5 14. Qb3 a4
15. Qxd5 Qxd5 16. exd5 a3 17. b3 Nc6 18. Nc2 Rxe3 19. Nxe3 Nb4 20. Rc4 Nxa2 21.
Ra4 Rxa4 22. bxa4 Bd4 23. Kf2 Nb4 24. Rc1 a2 25. Rxc8+ Kg7 26. Rc1 Nxd5 27. Rd1
Nxe3 0-1

[Event "Dortmund Sparkassen"]
[Site "?"]
[Date "2012.07.14"]
[Round "2"]
[White "Naiditsch, Arkadij"]
[Black "Meier, Georg"]
[Result "1/2-1/2"]
[WhiteElo "2700"]
[BlackElo "2644"]
[PlyCount "106"]
[EventDate "2012.??.??"]

1. c4 Nf6 2. Nc3 c5 3. g3 e6 4. Nf3 b6 5. Bg2 Bb7 6. O-O Be7 7. Re1 d6 8. e4 a6
9. d4 cxd4 10. Nxd4 Qc7 11. Be3 Nbd7 12. Rc1 Ne5 13. Nd5 exd5 14. cxd5 Qd7 15.
Nf5 O-O 16. f4 Ng6 17. h4 Nxd5 18. Bd4 Nf6 19. h5 Rfe8 20. hxg6 hxg6 21. Nxe7+
Rxe7 22. Bxf6 gxf6 23. Qd4 Rae8 24. Kf2 Kg7 25. Rcd1 Qb5 26. Re3 Rc7 27. Rd2
Qc5 28. Qxd6 Qxd6 29. Rxd6 Rc2+ 30. Re2 Rxe2+ 31. Kxe2 Bxe4 32. Bxe4 Rxe4+ 33.
Kf3 Re6 34. Rd7 f5 35. Ra7 a5 36. Rd7 Rc6 37. Rb7 Re6 38. Rd7 Rc6 39. Rb7 Kf6
40. Ke3 Rd6 41. Ke2 Kg7 42. Ke3 Kh6 43. Rxf7 Kh5 44. Kf3 Rd3+ 45. Kf2 Kg4 46.
Rf6 Rf3+ 47. Ke2 Rxg3 48. Rxg6+ Kxf4 49. Rxb6 Re3+ 50. Kf2 Rf3+ 51. Ke2 Re3+
52. Kf2 Rf3+ 53. Ke2 Ke5 1/2-1/2

[Event "Dortmund Sparkassen"]
[Site "?"]
[Date "2012.07.14"]
[Round "2"]
[White "Ponomariov, Ruslan"]
[Black "Caruana, Fabiano"]
[Result "1-0"]
[WhiteElo "2726"]
[BlackElo "2775"]
[PlyCount "71"]
[EventDate "2012.??.??"]

1. e4 c5 2. Nf3 Nc6 3. Bb5 d6 4. O-O Bd7 5. Re1 Nf6 6. c3 a6 7. Bf1 Bg4 8. h3
Bxf3 9. Qxf3 g6 10. d3 Bg7 11. Be3 O-O 12. Nd2 Nd7 13. Qd1 b5 14. Nf3 Nb6 15.
d4 Na4 16. Re2 Qa5 17. Rc1 Rad8 18. Rec2 Qc7 19. b3 Nb6 20. a4 bxa4 21. bxa4 c4
22. a5 Nxa5 23. Ra1 Nb3 24. Rxa6 d5 25. exd5 Nxd5 26. Qe2 Na5 27. Bd2 Ra8 28.
Rxa8 Rxa8 29. Ra2 Rc8 30. Ng5 Nb3 31. Qxc4 Nxd2 32. Qxd5 Nxf1 33. Nxf7 e6 34.
Qxe6 Rf8 35. Ne5+ Kh8 36. Kxf1 1-0

[Event "Turkish League 2012"]
[Site "?"]
[Date "2012.07.15"]
[Round "5"]
[White "Nyzhnyk, Illya"]
[Black "Polgar, Judit"]
[Result "1-0"]
[WhiteElo "2599"]
[BlackElo "2709"]
[PlyCount "83"]
[EventDate "2012.??.??"]

1. d4 Nf6 2. c4 e6 3. Nf3 Bb4+ 4. Nbd2 b6 5. a3 Bxd2+ 6. Bxd2 Bb7 7. Bg5 h6 8.
Bh4 d6 9. e3 Nbd7 10. Bd3 Qe7 11. Qe2 g5 12. Bg3 h5 13. h3 Ne4 14. O-O-O O-O-O
15. Bxe4 Bxe4 16. b4 h4 17. Bh2 f5 18. Rhg1 Bb7 19. d5 exd5 20. cxd5 Nf6 21.
Qc2 Ne4 22. Nd4 Bxd5 23. f3 Nf6 24. Qxf5+ Kb8 25. e4 Bb7 26. Qxg5 Qf7 27. Kb2
Nd7 28. Rd2 Rdg8 29. Qf5 Qg7 30. Rc1 Rh6 31. Kb1 Rf6 32. Qh5 a6 33. Nf5 Qf8 34.
Qxh4 Qf7 35. Rc3 b5 36. Rdc2 Ka8 37. Qf2 Nb6 38. Nxd6 Rxd6 39. Bxd6 Na4 40.
Rxc7 Qb3+ 41. Kc1 Qxa3+ 42. Kd2 1-0

[Event "Turkish League 2012"]
[Site "?"]
[Date "2012.07.15"]
[Round "5"]
[White "Michedlishvili, Mikheil"]
[Black "Mamedyarov, Shakhriyar"]
[Result "1/2-1/2"]
[WhiteElo "2656"]
[BlackElo "2626"]
[PlyCount "24"]
[EventDate "2012.??.??"]

1. d4 Nf6 2. c4 g6 3. g3 c6 4. Bg2 d5 5. cxd5 cxd5 6. Nf3 Bg7 7. O-O O-O 8. Ne5
Ng4 9. Nxg4 Bxg4 10. Nc3 Nc6 11. h3 Bd7 12. e3 e6 1/2-1/2

[Event "Turkish League 2012"]
[Site "?"]
[Date "2012.07.15"]
[Round "5"]
[White "Malakhov, Vladimir"]
[Black "Iordachescu, Viorel"]
[Result "1-0"]
[WhiteElo "2712"]
[BlackElo "2636"]
[PlyCount "53"]
[EventDate "2012.??.??"]

1. c4 Nf6 2. Nc3 e6 3. e4 c5 4. Nf3 Nc6 5. Be2 Qc7 6. d4 cxd4 7. Nxd4 a6 8. O-O
Nxd4 9. Qxd4 Bd6 10. Kh1 Be5 11. Qd3 b5 12. cxb5 Bb7 13. Be3 Bxc3 14. b6 Qc6
15. bxc3 Qxe4 16. Qxe4 Nxe4 17. Bd4 f6 18. f3 Nd6 19. c4 h5 20. Bf2 g5 21. Rad1
Nf7 22. c5 Ne5 23. Rd2 g4 24. fxg4 Nxg4 25. Bg3 h4 26. Bc7 Ne3 27. Bf3 1-0

[Event "Dortmund Sparkassen"]
[Site "?"]
[Date "2012.07.15"]
[Round "3"]
[White "Caruana, Fabiano"]
[Black "Fridman, Daniel"]
[Result "1-0"]
[WhiteElo "2775"]
[BlackElo "2655"]
[PlyCount "103"]
[EventDate "2012.??.??"]

1. e4 c6 2. d4 d5 3. e5 Bf5 4. Nf3 e6 5. Be2 c5 6. Be3 cxd4 7. Nxd4 Ne7 8. Nd2
Nbc6 9. N2f3 Be4 10. O-O Ng6 11. Nd2 Ngxe5 12. Nxe4 dxe4 13. c3 Bd6 14. Qa4 Qa5
15. Qb3 Bc7 16. Qxb7 Rb8 17. Qa6 Nxd4 18. Bxd4 Qxa6 19. Bxa6 Rxb2 20. Rfb1
Rxb1+ 21. Rxb1 Kd7 22. a4 Nc6 23. Bxg7 Rb8 24. Bb5 Bd6 25. Rd1 Kc7 26. Bh6 Be5
27. Be3 f5 28. g3 Bd6 29. c4 Ra8 30. a5 e5 31. c5 Bf8 32. Rd5 Re8 33. a6 Re6
34. Kg2 Bg7 35. Bd2 Rg6 36. h4 h5 37. Kf1 Re6 38. Be2 Nd4 39. Rd6 Rxd6 40.
cxd6+ Kxd6 41. Bxh5 Kc6 42. Be2 Nxe2 43. Kxe2 Kb5 44. h5 Kxa6 45. h6 Bf8 46. h7
Bg7 47. g4 fxg4 48. Ke3 Kb5 49. Kxe4 Kc6 50. Kf5 e4 51. Kxe4 Kd7 52. Kf5 1-0

[Event "Dortmund Sparkassen"]
[Site "?"]
[Date "2012.07.15"]
[Round "3"]
[White "Karjakin, Sergey"]
[Black "Naiditsch, Arkadij"]
[Result "1/2-1/2"]
[WhiteElo "2779"]
[BlackElo "2700"]
[PlyCount "118"]
[EventDate "2012.??.??"]

1. e4 e5 2. Nf3 Nc6 3. Bb5 Nf6 4. O-O Nxe4 5. d4 Nd6 6. Bxc6 dxc6 7. dxe5 Nf5
8. Qxd8+ Kxd8 9. Nc3 Ke8 10. h3 h5 11. Bf4 Be7 12. Rad1 Be6 13. Ng5 Rh6 14. g3
Bxg5 15. Bxg5 Rg6 16. h4 f6 17. exf6 gxf6 18. Bf4 Nxh4 19. f3 Rd8 20. Rxd8+
Kxd8 21. Kf2 Nf5 22. Rh1 Ng7 23. b3 Bf5 24. Nd1 Bd7 25. c4 Be8 26. Bd2 Nf5 27.
Bf4 Ng7 28. Ne3 Ne6 29. Rxh5 Nxf4 30. gxf4 Rg2+ 31. Kxg2 Bxh5 32. b4 Kd7 33. c5
Ke6 34. Kg3 b6 35. a3 f5 36. Kf2 Bg6 37. Ke2 Bh5 38. Kf2 Bg6 39. Kg2 Bf7 40.
Kh3 Bh5 41. Kg3 Kf6 42. Nc2 Be8 43. Nd4 Bd7 44. Kf2 b5 45. Kg3 Kg7 46. Kf2 Kf6
47. Ke3 Be8 48. Kd2 Bd7 49. Kc3 Be8 50. Kb2 Bd7 51. a4 a6 52. a5 Be8 53. Kc3
Bd7 54. Nc2 Be6 55. Ne1 Bc4 56. Nd3 Bxd3 57. Kxd3 Ke6 58. Kd4 Kf6 59. Kd3 Ke6
1/2-1/2

[Event "Dortmund Sparkassen"]
[Site "?"]
[Date "2012.07.15"]
[Round "3"]
[White "Kramnik, Vladimir"]
[Black "Bartel, Mateusz"]
[Result "1-0"]
[WhiteElo "2799"]
[BlackElo "2674"]
[PlyCount "99"]
[EventDate "2012.??.??"]

1. c4 e5 2. Nc3 Nc6 3. g3 f5 4. Bg2 Nf6 5. e3 d5 6. Nxd5 Nxd5 7. cxd5 Nb4 8. d3
Nxd5 9. Nf3 Bb4+ 10. Bd2 Bxd2+ 11. Qxd2 Qd6 12. O-O O-O 13. e4 Ne7 14. d4 fxe4
15. Nxe5 Bf5 16. Qc3 Rad8 17. Rac1 Nd5 18. Qb3 Qb6 19. Qxb6 axb6 20. Rfe1 c6
21. Bxe4 Bxe4 22. Rxe4 Nf6 23. Rf4 Rfe8 24. Kf1 Nd5 25. Rf3 Nb4 26. Rc4 Na6 27.
Re3 b5 28. Rc1 Nb4 29. a3 Nd5 30. Re2 Nb6 31. b3 Rf8 32. Nd3 Rxd4 33. Nc5 Rb8
34. Re7 Nd5 35. Rxb7 Rxb7 36. Nxb7 Ne7 37. Ke2 Rd7 38. Nc5 Ra7 39. Ra1 Nd5 40.
Kd3 Nb6 41. Kd4 Kf7 42. f4 Ra8 43. Nb7 Nd7 44. a4 bxa4 45. bxa4 Kf6 46. a5 Kf5
47. h3 h5 48. Nd6+ Ke6 49. Ne4 Kf5 50. a6 1-0

[Event "Dortmund Sparkassen"]
[Site "?"]
[Date "2012.07.15"]
[Round "3"]
[White "Meier, Georg"]
[Black "Ponomariov, Ruslan"]
[Result "0-1"]
[WhiteElo "2644"]
[BlackElo "2726"]
[PlyCount "104"]
[EventDate "2012.??.??"]

1. Nf3 d5 2. d4 Nf6 3. c4 c6 4. e3 Bf5 5. Nc3 e6 6. Nh4 Bg6 7. Be2 Nbd7 8. O-O
dxc4 9. Nxg6 hxg6 10. Bxc4 Qc7 11. h3 g5 12. Be2 e5 13. Bd2 Rd8 14. Rc1 Nb6 15.
Re1 Be7 16. a4 a6 17. a5 Nbd5 18. Nxd5 Rxd5 19. Bc4 Rd7 20. Qb3 O-O 21. d5 Ne4
22. Qd3 Nxd2 23. Qxd2 e4 24. Red1 Rfd8 25. Qe2 c5 26. b4 Qe5 27. b5 Bd6 28. Qg4
axb5 29. Bxb5 Re7 30. g3 g6 31. Kg2 Kg7 32. Rh1 Rh8 33. Be2 Rh5 34. Qc8 Rc7 35.
Qa8 Rh8 36. Qa7 f5 37. Qb6 f4 38. exf4 gxf4 39. gxf4 Qxf4 40. Qb3 Rf8 41. Qe3
Qf6 42. Rc4 Bf4 43. Qxe4 Re7 44. Qd3 Bd6 45. f4 Rfe8 46. Bg4 Re3 47. Qc2 Bxf4
48. Rb1 Rg3+ 49. Kh1 Rxg4 50. hxg4 Qh4+ 51. Kg1 Qxg4+ 52. Kf1 Qh3+ 0-1

[Event "Turkish League 2012"]
[Site "?"]
[Date "2012.07.16"]
[Round "6"]
[White "Mamedyarov, Shakriyar"]
[Black "Malakhov, Vladimir"]
[Result "1/2-1/2"]
[WhiteElo "2726"]
[BlackElo "2712"]
[PlyCount "113"]
[EventDate "2012.??.??"]

1. d4 d5 2. c4 c6 3. Nc3 Nf6 4. e3 a6 5. Qc2 e6 6. Nf3 c5 7. cxd5 exd5 8. Be2
Be6 9. O-O Nc6 10. Rd1 cxd4 11. Nxd4 Nxd4 12. Rxd4 Bc5 13. Rd1 Qe7 14. Bf3 Rd8
15. Qa4+ Qd7 16. b3 Bd6 17. Bb2 O-O 18. Qxd7 Rxd7 19. Na4 Ne4 20. Rac1 Rdd8 21.
Nb6 f5 22. g3 Bc5 23. Bd4 Bxb6 24. Bxb6 Rc8 25. Bc7 Rf7 26. Be5 Rff8 27. Be2
Rxc1 28. Rxc1 Rc8 29. Rxc8+ Bxc8 30. f3 Nc5 31. Kf2 Kf7 32. Ke1 Nd7 33. Bd4 Nb8
34. Kd2 Nc6 35. Kc3 g6 36. a4 Ke6 37. Bb6 Bd7 38. f4 Be8 39. g4 Bd7 40. g5 a5
41. Bb5 Kd6 42. h4 Be6 43. Bd3 Bd7 44. Be2 Be8 45. Bb5 Bf7 46. Bxc6 Kxc6 47.
Bxa5 d4+ 48. exd4 Bd5 49. Bd8 Bf3 50. Kb4 Bd1 51. Bf6 Kd5 52. Bg7 Kc6 53. Be5
Kd5 54. Kb5 Bxb3 55. a5 Ke6 56. Kb6 Bd5 57. Kc5 1/2-1/2